Lie algebras and lie groups : five papers prepared in connection with the first Summer Mathematical Institute

Αποθηκεύτηκε σε:
Λεπτομέρειες βιβλιογραφικής εγγραφής
Συγγραφή απο Οργανισμό/Αρχή: American Mathematical Society. Summer Mathematical Institute
Μορφή: Βιβλίο
Γλώσσα:English
Δημοσίευση: Providence, R.I. : American Mathematical Society, 1955
Σειρά:Memoirs of the American Mathematical Society ; ; 14
Θέματα:
Ετικέτες: Προσθήκη ετικέτας
Δεν υπάρχουν, Καταχωρήστε ετικέτα πρώτοι!

MARC

LEADER 00000cam a2200000 i 4500
001 1/45272
008 941103s1955 eng d
020 |z 0-8218-1214-1 
035 |a 1993  |l 10042498 
040 |a GR-MY-UA  |b gre  |e aacr 
041 0 |a eng 
082 0 |a 512.55 
245 0 0 |a Lie algebras and lie groups :  |b five papers prepared in connection with the first Summer Mathematical Institute 
260 |a Providence, R.I. :   |b American Mathematical Society,   |c 1955 
300 |a v, 54 σ.;  |c 26 εκ. 
490 1 |a Memoirs of the American Mathematical Society  |v ; 14 
500 |a "Five papers prepared in connection with the First Summer Mathematical Institute of the American Mathematical Society, which was held at ColbyCollege, Waterville, Maine, from June 20 to July 31, 1953." 
504 |a Περιέχει βιβλιογραφικές αναφορές 
650 0 0 |a Lie algebras. 
650 0 0 |a Lie groups. 
710 2 |a American Mathematical Society.   |b Summer Mathematical Institute   |n (1st :   |d 1953 :  |c Colby College) 
830 0 |a Memoirs of the American Mathematical Society ;  |v ; 14 
852 |a INST  |b SAMOS  |e 19941103  |h 512.55 LIE  |p 005300002515  |q 005300002515  |t BK  |y 0 
909 |a Σ  |b 030492